000 00295nam a2200121Ia 4500
008 190216s9999||||xx |||||||||||||| ||und||
100 _aSherlekar
245 0 _aPrinciples Of Business Management
260 _bHimalaya Publishing House
_c1979
300 _a416p
650 _aCommerce
942 _cBK
999 _c4598
_d4598